000 00358nam a2200157Ia 4500
003 0STCL
008 150530s9999 xx 000 0 und d
040 _aSTCL
_cSTCL
100 _aJoyce; MacCabe; Ed
245 _aNew perspectives
260 _bHarvester press
_c1977
546 _aEnglish
942 _2ddc
_cBK
999 _c50775
_d50775
005 20220125170829.0